Let's Dance! Animal Edition (Slideshow) Quiz Stats

Quiz not verified by Sporcle

Challenge
Share
Tweet
Score 0/30 Timer 06:00
0 Plays Today
% Correct
Dog
99.3%
Cow
95.4%
Elephant
94.4%
Walrus
88.1%
Horse
86.4%
Hedgehog
86.1%
Cat
86.1%
Turtle
85.8%
Giant Panda
83.4%
Owl
82.1%
Ant
80.5%
Ostrich
80.1%
Hippopotamus
79.5%
Gorilla
78.5%
Rabbit
78.1%
% Correct
Goat
76.8%
Human
74.5%
Flamingo
71.5%
Chimpanzee
70.9%
Duck
66.2%
Spider
63.6%
Sea Lion
61.9%
Giraffe
55.6%
Meerkat
47.4%
Parakeet
44.4%
Honey Badger
43.4%
Sting Ray
42.7%
Dolphin
30.5%
Prairie Dog
26.5%
Cockatiel
25.5%

You're not logged in!

Compare scores with friends on all Sporcle quizzes.
Sign Up with Email
OR
Log In

You Might Also Like...

Show Comments

Extras

Top Quizzes Today


Score Distribution

Your Account Isn't Verified!

In order to create a playlist on Sporcle, you need to verify the email address you used during registration. Go to your Sporcle Settings to finish the process.